| 000 | 01017naa a22002777a 4500 | ||
|---|---|---|---|
| 001 | BR9402036 | ||
| 003 | BR-BrBNA | ||
| 005 | 20240918181202.0 | ||
| 007 | ta | ||
| 008 | 230509b bl.||||| |||| 00| 0 por d | ||
| 040 |
_aBR-BrBNA _bpor _cBiblioteca Nacional de Agricultura |
||
| 041 | _a(Pt) | ||
| 072 |
_aF60 _b1190 |
||
| 090 | _aF60 BR9402036 | ||
| 100 | 1 | _aLemos, E.E.P. de | |
| 100 | 1 | _aCavalcanti, R.L.R.R. | |
| 111 | 1 |
_a10. Congresso Brasileiro de Fruticultura _cFortaleza, CE (Brazil) _d1-6 Oct 1989 |
|
| 245 | 1 | _aMecanismos para resistencia ao estresse hidrico em pinheira (Annona squamosa L.) | |
| 260 | 3 |
_aFortaleza, CE (Brasil): _c1989. |
|
| 500 | _a10. Congresso Brasileiro de Fruticultura. Anais Fortaleza, CE (Brasil): 1989. p. 431-434 (BR9402036-AM)F60 | ||
| 650 | _aFruta de Conde | ||
| 650 | _aStress | ||
| 773 | 0 |
_t10. Congresso Brasileiro de Fruticultura. Anais _wF60 BR9402036 _gFortaleza, CE (Brasil), 1989. p. 431-434 |
|
| 909 |
_a202404 _bLucia _c55 _dLucia Elande |
||
| 942 |
_cAM _2AGRIS |
||
| 999 |
_c324011 _d324011 |
||